| 000 | 00362nam a2200121Ia 4500 | ||
|---|---|---|---|
| 008 | 220216s9999 xx 000 0 und d | ||
| 100 | _aAhuja Dilip R. | ||
| 245 | 0 | _aWhy controlliing climate change is more difficult than stopping stratospheric ozone depletion | |
| 260 |
_bCurrent Science _c2009 |
||
| 300 | _a1531-1534 | ||
| 700 | _aSrinivasan J. | ||
| 942 | _cJS | ||
| 999 |
_c72409 _d72409 |
||